Score 0/33 Timer 07:00
0 Plays Today
% Correct
Mermaid
87.9%
Fairy
83.8%
Dragon
81.8%
Phoenix
80.8%
Dragon
76.8%
Vampire
75.8%
Dragon
72.7%
Vampire
71.7%
Faerie
70.7%
Fairy
68.7%
Gnome
68.7%
Dragon
65.7%
Vampire
64.6%
Kraken
63.6%
Dragon
62.6%
Dragon
58.6%
Elf
57.6%
% Correct
Unicorn
52.5%
Ghost
51.5%
Unicorn
49.5%
Werewolves
45.5%
Ghost
43.4%
Goblin
42.4%
Dragon
40.4%
Ghost
40.4%
Ghost
39.4%
Djinn
35.4%
Unicorn
33.3%
Werewolf
26.3%
Djinn
25.3%
Unicorn
25.3%
Goblin
22.2%
Centaur
15.2%
Remove Ads.
Support Sporcle.
Get the best of Sporcle when you Go Orange. This ad-free experience offers more features, more stats, and more fun while also helping to support Sporcle. Thank you for becoming a member.

You're not logged in!

Compare scores with friends on all Sporcle quizzes.
OR
Log In

Show Comments

Extras

Created Mar 23, 2014SourceReportNominate
Tags:Book Quiz

Top Quizzes Today


Score Distribution

Your Account Isn't Verified!

In order to create a playlist on Sporcle, you need to verify the email address you used during registration. Go to your Sporcle Settings to finish the process.

Report this User

Report this user for behavior that violates our Community Guidelines.

Details: